00709nam a2200205 a 4500008004100000020001500041050001800056100001900074245005300093250001200146260003400158300004300192350000900235500006400244650003100308650002700339650001900366856006300385856005500448060316s1998 ||||||||||||||||| || u a0240802934 aTK4399.T6 MOO aMoody, James L10aConcert lighting : techniques, art, and business a2nd ed. aBoston :bFocal Presscc1998. axx, 279 p. : ill. (some col.) ; 28 cm. a0.00 aIncludes bibliographical references (p. 265-266) and index. aLighting - Special effects aMusic-halls - Lighting aSTAGE LIGHTING uhttp://www.loc.gov/catdir/description/els032/97021517.html uhttp://www.loc.gov/catdir/toc/els032/97021517.html